|
|
|
|
| LEADER |
00000nam0a2200000 4500 |
| 001 |
114925 |
| 005 |
20231101215227.0 |
| 035 |
|
|
|a (RuTPU)RU\TPU\book\124284
|
| 090 |
|
|
|a 114925
|
| 100 |
|
|
|a 20070428d1977 k y0rusy50 ca
|
| 101 |
0 |
|
|a rus
|
| 102 |
|
|
|a RU
|
| 105 |
|
|
|a y dm 001zy
|
| 200 |
1 |
|
|a Исследование и разработка процесса получения чистого бензола на активированном алюмомолибденовом катализаторе
|e автореферат диссертации на соискание ученой степени кандидата технических наук
|e спец. 05.17.04
|f И. А. Ощепков
|g Томский политехнический институт (ТПИ) ; науч. рук. Э. И. Эльберт
|
| 210 |
|
|
|a Томск
|c Изд-во ТПИ
|d 1977
|
| 215 |
|
|
|a 24 с.
|
| 300 |
|
|
|a Защита сост. 15.03.1978 г.
|
| 320 |
|
|
|a Библиогр.: с. 22-23 (12 назв.)
|
| 606 |
1 |
|
|a Бензол
|x Производство
|2 stltpush
|3 (RuTPU)RU\TPU\subj\34004
|9 56084
|
| 610 |
1 |
|
|a чистый бензол
|
| 610 |
1 |
|
|a получение
|
| 610 |
1 |
|
|a методы
|
| 610 |
1 |
|
|a бензольные продукты
|
| 610 |
1 |
|
|a алюмомолибденовые катализаторы
|
| 610 |
1 |
|
|a примеси
|
| 610 |
1 |
|
|a гидрокрекинг
|
| 610 |
1 |
|
|a бензольные фракции
|
| 610 |
1 |
|
|a авторефераты диссертаций
|
| 675 |
|
|
|a 665.633(04)
|v 4
|
| 686 |
|
|
|a 05.17.04
|2 oksvnk
|
| 700 |
|
1 |
|a Ощепков
|b И. А.
|g Иван Аввакумович
|
| 702 |
|
1 |
|a Эльберт
|b Э. И.
|4 727
|
| 712 |
0 |
2 |
|a Томский политехнический институт (ТПИ)
|c (1944-1991)
|2 stltpush
|3 (RuTPU)RU\TPU\col\1123
|
| 801 |
|
1 |
|a RU
|b 63413507
|c 20070428
|g PSBO
|
| 801 |
|
2 |
|a RU
|b 63413507
|c 20181113
|g PSBO
|
| 942 |
|
|
|c BK
|